00898nam a22002297a 450000500170000001000150001702000270003203500140005903700130007308200080008610000200009424501350011426000380024927000530028730000370034050000940037770000160047170000180048794200220050599900190052795201220054620180725102846.0 aENG-123590 c1000.00a9788190892667 aEN-107122 bDBAD/PUB a921 aRajendra Prasad aWalking down the lane....:cby Rajendra Prasad; ed. by Vijay Kumar [and] Tejakar Jhaba pictorial tribute to Dr. Rajendra Prasad / aPatnac2010bBihar State Archives aAbhilekhagar Bhawan, Bailey Road,e800001bPatna a320p.c27cm.(Hb)bill.(pictures) aA pictorial tribute to Dr. Rajendra Prasad, The First President of the Republic of India. aVijay Kumar a Jha, Tejakar 2ddccENh921mRAJ c154769d154769 001040718NFICaDBADbBNd2018-07-25eDBAD/PUBg1000.00l0o921 RAJpEN-107122r2018-07-25 00:00:00t1v1000.00yEN